En las cavernas de Camuy (Record no. 77703)

MARC details
000 -LEADER
campo de control de longitud fija 01015nam a2200265 i 4500
001 - NÚMERO DE CONTROL
campo de control 77703
003 - IDENTIFICADOR DE NÚMERO DE CONTROL
campo de control ES-MaACL
005 - FECHA Y HORA DE LA ÚLTIMA TRANSACCIÓN
campo de control 20230906173340.0
007 - CAMPO FIJO DE DESCRIPCIÓN FÍSICA--INFORMACIÓN GENERAL
campo de control de longitud fija t|
008 - DATOS DE LONGITUD FIJA--INFORMACIÓN GENERAL
campo de control de longitud fija 041103s1999 pr ||||1| spa d
020 ## - NÚMERO INTERNACIONAL ESTÁNDAR DEL LIBRO
Número Internacional Estándar del Libro 0-8477-0221-9
080 ## - NÚMERO DE LA CLASIFICACIÓN DECIMAL UNIVERSAL
Número de la Clasificación Decimal Universal 82-93(729.5)
100 1# - ENTRADA PRINCIPAL--NOMBRE DE PERSONA
Nombre de persona Serra Deliz, Wenceslao.
9 (RLIN) 105630
245 10 - MENCIÓN DEL TÍTULO
Título En las cavernas de Camuy
Resto del título : Terón y su maravilloso mundo subterráneo /
Mención de responsabilidad, etc. Wenceslao Serra Deliz; Nívea Ortiz Montáñez, ilustraciones ; José A. Martínez Oquendo, asesoría científica.
250 ## - MENCION DE EDICION
Mención de edición 1ª ed.
260 ## - PUBLICACIÓN, DISTRIBUCIÓN, ETC.
Lugar de publicación, distribución, etc. San Juan de Puerto Rico :
Nombre del editor, distribuidor, etc. Universidad de Puerto Rico,
Fecha de publicación, distribución, etc. 2001.
300 ## - DESCRIPCIÓN FÍSICA
Extensión [37] p. :
Otras características físicas il. ;
Dimensiones 23 x 27 cm.
490 1# - MENCIÓN DE SERIE
Mención de serie Colección San Pedrito
650 #4 - PUNTO DE ACCESO ADICIONAL DE MATERIA--TÉRMINO DE MATERIA
Término de materia o nombre geográfico como elemento de entrada Literatura infantil puertorriqueña.
9 (RLIN) 14625
700 1# - ENTRADA AGREGADA--NOMBRE PERSONAL
Nombre de persona Ortiz Montáñez, Nívea.
9 (RLIN) 87629
700 1# - ENTRADA AGREGADA--NOMBRE PERSONAL
Nombre de persona Martínez Oquendo, José A.
9 (RLIN) 78285
830 0# - PUNTO DE ACCESO ADICIONAL DE SERIE-TÍTULO UNIFORME
Título uniforme Colección San Pedrito
9 (RLIN) 183562
852 ## - LOCALIZACIÓN
Ubicación ES-MaACL
Número de control de estantería E-10231
Sublocalización o colección R.134462
Holdings
Estatus retirado Estado de pérdida Estado de daño No para préstamo Biblioteca de origen Biblioteca actual Ubicación en estantería Fecha de adquisición Fuente de adquisición Total de préstamos Signatura topográfica completa Código de barras Visto por última vez Precio de reemplazo Tipo de ítem Koha
        Biblioteca del Ateneo de Madrid Biblioteca del Ateneo de Madrid Depósito 2 17/01/2008     E-10231 1081293 23/02/2023 23/02/2023 Libro impreso